K řízení péče o životní prostředí s využitím fondu životního prostředí.

Vplyv subjektov-znečisťovateľov na životné prostredie a ich kvantifikácia. Prepočet emisií do ovzdušia. Náklady starostlivosti o životné prostredie a ekonomický záujem subjektov-znečisťovateľov. Makroekonomické súvislosti starostlivosti o životné prostredie. Úloha centra pri maximalizácii ekologické...

ver descrição completa

Na minha lista:
Detalhes bibliográficos
Autor principal: Šauer, Petr
Formato: Capítulo de Livro
Idioma:tcheco
Assuntos:
Tags: Adicionar Tag
Sem tags, seja o primeiro a adicionar uma tag!

MARC

LEADER 00000naa a2200000 4500
001 r003646
005 20221125065122.1
041 0 |a cze 
044 |a [CS] 
245 1 0 |a K řízení péče o životní prostředí s využitím fondu životního prostředí.  |c P. Šauer 
520 |a Vplyv subjektov-znečisťovateľov na životné prostredie a ich kvantifikácia. Prepočet emisií do ovzdušia. Náklady starostlivosti o životné prostredie a ekonomický záujem subjektov-znečisťovateľov. Makroekonomické súvislosti starostlivosti o životné prostredie. Úloha centra pri maximalizácii ekologického efektu (alokácii zdrojov). 
610 2 0 |a prostredie životné 
610 2 0 |a znečistenie ovzdušia 
610 2 0 |a znečistenie vôd 
610 2 0 |a investície 
610 2 0 |a dane 
610 2 0 |a náklady 
610 2 0 |a makroekonomika 
610 2 0 |a ochrana prostredia životného 
610 2 0 |a ČSFR 
100 1 |a Šauer, Petr